| 000 | 00671cam a22002531 4500 | ||
|---|---|---|---|
| 001 | sa 65005358 | ||
| 003 | DLC | ||
| 005 | 20260227112137.0 | ||
| 008 | 890420s1964 xx 000 0 hino | ||
| 010 | _asa 65005358 | ||
| 035 | _a(OCoLC)23546310 | ||
| 040 |
_aDLC _cMiU _dDLC |
||
| 042 | _apremarc | ||
| 043 | _aa-ii--- | ||
| 050 | 0 | 0 |
_aHC435 _b.M55 |
| 100 | 1 | _aMittala, S. C. | |
| 245 | 1 | 0 | _aGrāmīṇa evaṃ myunispala arthaśāstra. |
| 260 | _c[1964] | ||
| 300 |
_a1 v. _b(various pagings) _c23 cm. |
||
| 500 | _aRomanized. | ||
| 651 | 0 |
_aIndia _xEconomic conditions _y1945- |
|
| 651 | 0 |
_aIndia _xRural conditions. |
|
| 740 | 0 | _aRural & municipal economics. | |
| 999 |
_c64260 _d64260 |
||